Регионална библиотека "Любен Каравелов" - Русе

С умисъл за измама (Запис номер 34600)

MARC детайли
000 -Лидер
Контролно поле с фиксирана дължина 01317nam a2200325 c 4500
003 - Код на организацията, давaща контролен номер
Контролно поле BLK
005 - Дата и час на последна редакция
Контролно поле 20180422100315.0
008 - Елементи от данни с фиксирана дължина
fixed length control field 180408b bul|||||r ||||||| ||bul||
010 ## - Наследен системен номер
LC control number KNG00037304000
020 ## - Международен стандартен номер на книга ISBN
Международен стандартен номер на книга ISBN 954-459-878-2
-- издат.: Хермес
040 ## - Източник на каталожния запис
Идентификатор на билиотеката - собственик на записа BLK
041 ## - Код за език
Код за езика на текст/звукозапис или на отделно заглавие Български
Код за езика КДБФ Български
080 ## - УДК
Текстов определител УДК Американска литература (на САЩ)
УДК код - определител по УДК 821.111(73)
УДК определител -312.4
УДК - код + определител 821.111(73)-312.4
100 1# - Редна дума - Автор
Автор Джордж, Елизабет
Авторска отговорност първи автор
R(LIN) 262299
139 ## - Редно поле
Редна дума Джордж, Елизабет
Авторски знак Джо - Д 52
245 10 - Сведения за заглавието
Заглавие С умисъл за измама
Подзаглавни данни Роман
Редно поле (дума) Елизабет Джордж; прев. от англ. Валентина Атанасова.
257 ## - Страна на издаване
Страна на създаване/издаване Съединени американски щати
260 ## - Област на издателските данни
-- Пловдив
Име на издателя, разпространителя и проч. Хермес
Година на издаване 2001
Печатница Хасково : Полиграфюг
300 ## - Физическа характеристика
Страници 511 с.
Размери/Мащаб 20 см
380 ## - Жанр
Жанр Худож. лит.
490 1# - СЕРИИ (Колекции)
Име на серия Мегаселър
№: серия № 80
500 ## - Общи забележки
Забележка Ориг. загл. Deception on His Mind / Elizabeth George. - Офс. изд.
653 ## - Ключова дума – ненормативна
Ключова дума крими
700 1# - Други автори (авторска отговорност)
Лично име Атанасова, Валентина
Автороска отговорност (Описва отношението между автора и произведението) прев. от англ.
Друга информация Тодорова, Валентина Атанасова
9 (RLIN) 365692
852 ## - Местоположение
Форматна сигнатура Цб 209845
856 4# - Електронен адрес и достъп
Електронен формат pdf - файл
Път до файла /url/
856 4# - Електронен адрес и достъп
Електронен формат pdf - файл
Път до файла /url/
942 ## - АРТИКУЛИ
Вид на библиотечния материал Книги
Скрит в OPAC Не
944 ## - СЪЗДАВАНЕ И РЕДАКЦИЯ на ЗАПИСА
Създаване/Редакция Създаване
Дата на регистрацията/редакция 07.04.2003
Служител, извършил регистрацията/редакцията Людмила_Стоянова
944 ## - СЪЗДАВАНЕ И РЕДАКЦИЯ на ЗАПИСА
Създаване/Редакция Редакция
Дата на регистрацията/редакция 08.04.2005
Служител, извършил регистрацията/редакцията
999 ## - СИСТЕМНИ КОНТРОЛНИ НОМЕРА
Koha biblionumber 34600
Koha biblioitemnumber 34600
Наличности
Код за отписване Код за изгубен артикул Източник на класификационната схема Код за повреда Коз за рестрикции Код за отдаване Артикулен № Име на библиотеката - собственик Име на библиотеката, в която се намира в момента Статус (Текущо местоположение) Дата на вписване в системата Местоположение - отдел Цена в лева Инвентарен номер Систематично азбучна сигнатура Баркод Номер на екземпляра Цена в евро Служебна бележка Служебен тип на артикула
Изтеглен Не е изгубен Universal Decimal Classification Не е повреден без рестрикции заемане за дома 54925 Регионална библиотека "Любен Каравелов" Русе Регионална библиотека "Любен Каравелов" Русе Заемна - подръчен фонд 2001-01-01 Заемна - подръчен фонд 8.00 666677 П 820(73)-31/Д 51 666677 1 4.09 Дост: Pk Вид: Ф N: стар фонд Дата: 01.01.2001 Книги
  Не е изгубен   Не е повреден без рестрикции ползва се в читалня 54926 Регионална библиотека "Любен Каравелов" Русе Регионална библиотека "Любен Каравелов" Русе Хранилище 2002-03-27 Хранилище 8.00 120000669208 Цб 209845 120000669208 2 4.09 Дост: Dp Вид: Д N: 45 Дата: 31.10.2001 Книги
Vip Innovations Ltd, Rousse, Bulgaria 2025